000 00465nam a2200157Ia 4500
008 210716s2018 xx 000 0 und d
020 _a9789352807109
041 _aeng
082 _a519.502855132 PANK
100 _aPandya, Kiran;Joshi, Prashant;Bulsari, Smruti.
245 _aStatistical analysis in simple steps using R.
250 _a1
260 _aNew Delhi
_bSage Publications
_c2018
300 _axxiv,307,I-3
650 _aStatistical Mathematics(519.5)
999 _c211385
_d211385